| 000 | 00475nam a22001577a 4500 | ||
|---|---|---|---|
| 020 | _a0471853054 | ||
| 082 |
_a624.15136 _bTER _cL-16, P-50 |
||
| 100 |
_aTerzachi, Karl _942522 |
||
| 245 |
_aTheoretical soil mechanics _cTerzachi, Karl |
||
| 260 |
_aNew York, Singapore _bJohn Wiley & sons _c1943 |
||
| 300 |
_axvii, 510 p. _bill. _c25 cm. |
||
| 526 |
_a0 _b0 _c0 _d624_151360000000000_TER |
||
| 526 |
_a0 _b0 _c0 _d624_151360000000000_TER |
||
| 650 |
_aMCE _9379 |
||
| 942 |
_2ddc _cBK |
||
| 999 |
_c546393 _d546393 |
||